000 00485nam a2200121Ia 4500
008 220615s9999||||xx |||||||||||||| ||und||
100 _aChung, Eunbin
245 0 _aPride, Not Prejudice
_bNational Identity as a Pacifying Force in East Asia
546 _aEnglish[eng]
650 _anational identity;group-affirmation;national identity affirmation;political psychology;field research
856 _uhttps://library.oapen.org/bitstream/20.500.12657/52226/1/9780472902934.pdf
942 _cEB
999 _c12754
_d12754